Élise Dutray-Lecoin, Martine Lefèvre et Danielle Muzerelle (dir.), Les Plaisirs de l’Arsenal. Poésie, musique, danse et érudition au 17e et au 18e siècles, Paris, Classiques Garnier, coll. « Rencontres » 369, 2018, 747 p. (notice n° 1635850)
[ vue normale ]
| 000 -LEADER | |
|---|---|
| fixed length control field | 00670cam a2200145 4500500 |
| 005 - DATE AND TIME OF LATEST TRANSACTION | |
| control field | 20260111142256.0 |
| 041 ## - LANGUAGE CODE | |
| Language code of text/sound track or separate title | fre |
| 042 ## - AUTHENTICATION CODE | |
| Authentication code | dc |
| 100 10 - MAIN ENTRY--PERSONAL NAME | |
| Personal name | Moureau, François |
| Relator term | author |
| 245 00 - TITLE STATEMENT | |
| Title | Élise Dutray-Lecoin, Martine Lefèvre et Danielle Muzerelle (dir.), Les Plaisirs de l’Arsenal. Poésie, musique, danse et érudition au 17e et au 18e siècles, Paris, Classiques Garnier, coll. « Rencontres » 369, 2018, 747 p. |
| 260 ## - PUBLICATION, DISTRIBUTION, ETC. | |
| Date of publication, distribution, etc. | 2020.<br/> |
| 500 ## - GENERAL NOTE | |
| General note | 15 |
| 786 0# - DATA SOURCE ENTRY | |
| Note | Dix-huitième siècle | 52 | 1 | 2020-10-01 | p. LXXXI-LXXXI | 0070-6760 |
| 856 41 - ELECTRONIC LOCATION AND ACCESS | |
| Uniform Resource Identifier | <a href="https://shs.cairn.info/revue-dix-huitieme-siecle-2020-1-page-LXXXI?lang=fr&redirect-ssocas=7080">https://shs.cairn.info/revue-dix-huitieme-siecle-2020-1-page-LXXXI?lang=fr&redirect-ssocas=7080</a> |
Pas d'exemplaire disponible.




Réseaux sociaux